000 00378nam a2200157Ia 4500
003 Ost
005 20260225132553.0
008 260225s9999||||xx |||||||||||||| ||und||
040 _cfsic
041 _afre
082 _a440
100 _aM'hamed Boukhobza
_eAuteur
245 0 _aL'agro-pastoralisme traditionnel en Algérie /
245 0 _cM'hamed Boukhobza
942 _cكتاب
999 _c34286
_d34286